Statistiques concernant Quiz sur le football italien

Cliquez ici pour prendre le quiz!

Statistiques générales

  • Ce quiz a été pris 904 fois
    (204 depuis la dernière actualisation)
  • Le résultat moyen est 14 sur 19

Statistiques - réponses

QuestionRéponse% Correct
Citez les 2 noms du stade de MilanSan Siro
95%
Années des titres en coupe du monde2006
92%
Club ayant remporté le championnat italien 9 fois consécutives entre 2012 et 2020Juventus
92%
Joueur emblématique de l'AS Roma, avec qui il a disputé 786 matchsFrancesco Totti
90%
Seule sélection détenant plus de titre de champion du monde que l'ItalieBrésil
86%
Défenseur ayant reçu le coup de boule de Zinédine Zidane lors de la finale de la coupe du monde 2006Marco Materazzi
85%
Surnom de la sélection italienneSquadra Azzurra
81%
Joueur emblématique dont la statue est présente devant le stade de NaplesDiego Maradona
80%
Années des titres en coupe du monde1982
77%
Joueur le plus capé de la sélectionGianluigui Buffon
77%
Équipe éliminée en quart de finale de la ligue des champions 2019-2020 par le Paris Saint-GermainAtalanta
73%
Citez les 2 noms du stade de MilanGiuseppe-Meazza
71%
Club de la même ville évoluant en Série ATorino FC
70%
Équipe ayant éliminé l'Italie en barrage de coupe du monde en 2022Macédoine du Nord
68%
Années des titres en coupe du monde1934
67%
Années des titres en coupe du monde1938
66%
Club dans lequel Franck Ribéry a pris sa retraiteUS Salernitana
60%
Sélectionneur italien depuis 2023Luciano Spalletti
35%
Meilleur buteur de la sélectionLuigi Riva
17%

Distribution des résultats

Percentile par nombre de réponses

% des personnes avec chaque résultat

Votre développement - résultats

Vous n’avez pas pris ce quiz depuis la dernière actualisation